[Event "IECC CL7-1999.31"]
[Site "IECC email"]
[Date "1999.07.30"]
[Round "?"]
[White "Vio, Mauro"]
[Black "Adepoju, Dapo"]
[Result "1-0"]
[WhiteElo "1118"]
[BlackElo "987"]
[PlyCount "75"]
[EventDate "1999.??.??"]
[EventType "tourn (corr)"]
[EventRounds "4"]
[SourceTitle "Corr 2008"]
[Source "ChessBase"]
[SourceDate "2008.06.24"]
[SourceVersion "1"]
[SourceVersionDate "2008.06.24"]
[SourceQuality "1"]

1. d4 d5 2. c4 Nf6 3. cxd5 Nxd5 4. e4 Nb6 5. Bf4 e6 6. Nf3 Bd6 7. Bxd6 Qxd6 8. Be2 0-0 9. 0-0 Nc6 10. Nc3 Rd8 11. Nb5 Qe7 12. Qd3 a6 13. Na3 Nb4 14. Qe3 Bd7 15. Rfc1 Be8 16. Nc2 Nxc2 17. Rxc2 Rac8 18. Rac1 c6 19. Qb3 Nd7 20. Qxb7 Rb8 21. Qxa6 Nf6 22. Bd3 Rd7 23. Qxc6 Rxd4 24. Nxd4 Bxc6 25. Nxc6 Qd6 26. Nxb8 g6 27. Rc8+ Kg7 28. Bb1 Qf4 29. f3 Qe3+ 30. Kh1 Nh5 31. b3 Nf4 32. R8c3 Qf2 33. R3c2 Ne2 34. Nc6 h5 35. Rd1 h4 36. Ne5 h3 37. gxh3 f6 38. Rd7+ 1-0